00807nas a22002177a 450000500170000000800410001704000130005824500230007126000350009430000120012931000140014136200140015550001170016950000830028665000370036965100440040671000130045094200160046399900130047995200970049220260527103722.0260526b20092010porz||p| |||| 00| z por d cBR-ViAPE aGuia de Serviços aVitóriabA Gazetac2009-2010 av.bil. aIrregular a2009-2010 aDisponibilizada apenas a imagem da capa na versão digital, em virtude de restrições de direitos autorais.  aColeção incompleta: disponíveis apenas alguns números do periódico.  aAtividadesxServiçosxProdutos aEspírito Santo (Brasil)vPeriódicos aA Gazeta 2ddccPERn1 c713d713 00102ddc4070aHDIG.APEESbHDIG.APEESd2026-05-26l0r2026-05-26 10:20:24w2026-05-26yPER